| 000 | 00871nam a22002777a 4500 | ||
|---|---|---|---|
| 003 | CHAP | ||
| 005 | 20220329134352.0 | ||
| 008 | 971013s r 00010 d | ||
| 010 | _a19463 | ||
| 011 | _a20435 | ||
| 035 | _a24523 | ||
| 040 | _cCHAP | ||
| 090 | _aFolleto 10526 | ||
| 110 |
_aAmerican Rose Society. Shreveport, La. _95274 |
||
| 245 |
_aHandbook for selecting roses _b: a rose buying guide from the American Rose Society |
||
| 260 |
_aShreveport, LA : _bThe Society, _c19 . |
||
| 300 | _av | ||
| 500 | _aLa biblioteca tiene : 1986, 1987 | ||
| 590 |
_aBATCH-UPD _b10 _c20130110 _lUCH01 _h1932 |
||
| 590 |
_aCONVERSION _b10 _c20130109 _lUCH01 _h1312 |
||
| 650 | 1 | 4 |
_aRosas _xVariedades. _999992 |
| 901 | _aBK | ||
| 942 | _cFOLL | ||
| 949 |
_aFolleto 10526 _bBC _cFOLL _d-56482 _eTS1 _i24523 _si |
||
| 949 |
_aFolleto 10526 _bBC _cFOLL _d-56483 _eTS2 _fc.2 _i24523 _si |
||
| 999 |
_c19463 _d19463 |
||